| 000 | 01098cam a2200277 4500 | ||
|---|---|---|---|
| 008 | 000000n2003 000 0 eng u | ||
| 020 | _a0750658436 | ||
| 035 | _a(Sirsi) u121793 | ||
| 041 | _aeng | ||
| 050 |
_a658.404 _c18 |
||
| 100 | _aLester, Albert | ||
| 245 | _aProject planning and control | ||
| 250 | _a4th ed. | ||
| 260 |
_aOxford _bButterworth-Heinemann _c2003 |
||
| 300 |
_axxii, 382p. _c24cm |
||
| 350 | _a39.99 | ||
| 520 | _aWritten for project managers, this fourth edition text covers the principles and tools of project management. Topics appearing in the APMP exam are explained with practical examples and case studies are given. Sections on critical path methods and detailed examination is given of Hornet Windmill and MS Project - two well known computer programs used in project planning. | ||
| 520 | _asupersedes third edition (ISBN 0750642610) | ||
| 650 | _aCRITICAL PATH METHODS | ||
| 650 | _aSOFTWARE | ||
| 650 | _aHORNET WINDMILL PROGRAM | ||
| 650 | _aMS PROJECT 98 | ||
| 650 | _aNETWORK ANALYSIS | ||
| 690 |
_aProject management _96261 |
||
| 942 | _n0 | ||
| 999 |
_c102739 _d102739 |
||